<?xml version="1.0" encoding="UTF-8"?>
<record
    xmlns:xsi="http://www.w3.org/2001/XMLSchema-instance"
    xsi:schemaLocation="http://www.loc.gov/MARC21/slim http://www.loc.gov/standards/marcxml/schema/MARC21slim.xsd"
    xmlns="http://www.loc.gov/MARC21/slim">

  <leader>01914nam0a2200397   4500</leader>
  <controlfield tag="001">RU\NLR\bibl\1409682</controlfield>
  <controlfield tag="005">20250615210955.0</controlfield>
  <datafield tag="010" ind1=" " ind2=" ">
    <subfield code="a">978-5-87532-031-9</subfield>
    <subfield code="9">1000</subfield>
  </datafield>
  <datafield tag="021" ind1=" " ind2=" ">
    <subfield code="a">RU</subfield>
    <subfield code="b">2009-51733</subfield>
    <subfield code="9">3178</subfield>
  </datafield>
  <datafield tag="035" ind1=" " ind2=" ">
    <subfield code="a">(nilc)RSL-KNO-004348551</subfield>
  </datafield>
  <datafield tag="035" ind1=" " ind2=" ">
    <subfield code="a">EL/0000286306</subfield>
  </datafield>
  <datafield tag="035" ind1=" " ind2=" ">
    <subfield code="a">(NLR Aleph) 001401668</subfield>
  </datafield>
  <datafield tag="090" ind1=" " ind2=" ">
    <subfield code="a">1226343</subfield>
    <subfield code="c">1226343</subfield>
  </datafield>
  <datafield tag="100" ind1=" " ind2=" ">
    <subfield code="a">20090619d2009    |||y0rusy50      ca</subfield>
  </datafield>
  <datafield tag="101" ind1="0" ind2=" ">
    <subfield code="a">rus</subfield>
  </datafield>
  <datafield tag="102" ind1=" " ind2=" ">
    <subfield code="a">RU</subfield>
  </datafield>
  <datafield tag="105" ind1=" " ind2=" ">
    <subfield code="a">a   |||||||||</subfield>
  </datafield>
  <datafield tag="200" ind1="1" ind2=" ">
    <subfield code="a">&#x41F;&#x44B;&#x43B;&#x44C; &#x447;&#x443;&#x436;&#x438;&#x445; &#x434;&#x43E;&#x440;&#x43E;&#x433;</subfield>
    <subfield code="e">&#x441;&#x43E;&#x431;&#x440;&#x430;&#x43D;&#x438;&#x435; &#x441;&#x442;&#x438;&#x445;&#x43E;&#x442;&#x432;&#x43E;&#x440;&#x435;&#x43D;&#x438;&#x439;</subfield>
    <subfield code="f">&#x41F;&#x430;&#x432;&#x435;&#x43B; &#x411;&#x443;&#x43B;&#x44B;&#x433;&#x438;&#x43D;</subfield>
  </datafield>
  <datafield tag="205" ind1=" " ind2=" ">
    <subfield code="a">2-&#x435; &#x438;&#x437;&#x434;., &#x434;&#x43E;&#x43F;. &#x438; &#x438;&#x441;&#x43F;&#x440;.</subfield>
  </datafield>
  <datafield tag="210" ind1=" " ind2=" ">
    <subfield code="a">&#x41C;&#x43E;&#x441;&#x43A;&#x432;&#x430;</subfield>
    <subfield code="c">Academia</subfield>
    <subfield code="d">2009</subfield>
    <subfield code="e">&#x41B;&#x44E;&#x431;&#x435;&#x440;&#x446;&#x44B; (&#x41C;&#x43E;&#x441;&#x43A;. &#x43E;&#x431;&#x43B;.)</subfield>
    <subfield code="g">&#x41F;&#x418;&#x41A; &#x412;&#x418;&#x41D;&#x418;&#x422;&#x418;</subfield>
  </datafield>
  <datafield tag="215" ind1=" " ind2=" ">
    <subfield code="a">479 &#x441;., [8] &#x43B;. &#x438;&#x43B;., &#x43F;&#x43E;&#x440;&#x442;&#x440;.</subfield>
    <subfield code="d">21</subfield>
  </datafield>
  <datafield tag="320" ind1=" " ind2=" ">
    <subfield code="a">&#x411;&#x438;&#x431;&#x43B;&#x438;&#x43E;&#x433;&#x440;.: &#x441;. 467-469</subfield>
  </datafield>
  <datafield tag="320" ind1=" " ind2=" ">
    <subfield code="a">&#x421;&#x43F;&#x438;&#x441;&#x43E;&#x43A; &#x442;&#x440;&#x443;&#x434;&#x43E;&#x432; &#x41F;. &#x41F;. &#x411;&#x443;&#x43B;&#x44B;&#x433;&#x438;&#x43D;&#x430;: &#x441;. 467</subfield>
  </datafield>
  <datafield tag="327" ind1="0" ind2=" ">
    <subfield code="a">&#x421;&#x43E;&#x434;&#x435;&#x440;&#x436;. &#x440;&#x430;&#x437;&#x434;.: &#x421;&#x442;&#x438;&#x445;&#x43E;&#x442;&#x432;&#x43E;&#x440;&#x435;&#x43D;&#x438;&#x44F;: &#x446;&#x438;&#x43A;&#x43B;&#x44B;: &#x415;&#x44F; &#x418;&#x43C;&#x43F;&#x435;&#x440;&#x430;&#x442;&#x43E;&#x440;&#x441;&#x43A;&#x43E;&#x43C;&#x443; &#x432;&#x435;&#x43B;&#x438;&#x447;&#x438;&#x441;&#x442;&#x432;&#x443; &#x433;&#x43E;&#x441;&#x443;&#x434;&#x430;&#x440;&#x44B;&#x43D;&#x435; &#x438;&#x43C;&#x43F;&#x435;&#x440;&#x430;&#x442;&#x440;&#x438;&#x446;&#x44B; &#x41C;&#x430;&#x440;&#x438;&#x44F; &#x424;&#x435;&#x434;&#x43E;&#x440;&#x43E;&#x432;&#x43D;&#x435;; &#x411;&#x443;&#x431;&#x435;&#x43D;&#x446;&#x44B;; &#x412; &#x43F;&#x443;&#x442;&#x438;; "&#x427;&#x443;&#x436;&#x438;&#x435; &#x437;&#x432;&#x435;&#x437;&#x434;&#x44B;" (&#x410;&#x431;&#x438;&#x441;&#x441;&#x438;&#x43D;&#x438;&#x44F; 1924-1934); &#x420;&#x430;&#x441;&#x441;&#x43A;&#x430;&#x437;&#x44B;: &#x41A;&#x438;&#x442;&#x435;&#x436;-&#x433;&#x440;&#x430;&#x434;; &#x421;&#x442;&#x440;&#x43D;&#x438;&#x446;&#x44B; &#x443;&#x448;&#x435;&#x434;&#x448;&#x435;&#x433;&#x43E;; &#x41E;&#x431;&#x435;&#x437;&#x44C;&#x44F;&#x43D;&#x44C;&#x44F; &#x446;&#x430;&#x440;&#x438;&#x446;&#x430;; &#x417;&#x430; &#x432;&#x43E;&#x43B;&#x44C;&#x43D;&#x44B;&#x43C; &#x43A;&#x430;&#x437;&#x430;&#x43A;&#x43E;&#x43C; &#x410;&#x448;&#x438;&#x43D;&#x43E;&#x432;&#x44B;&#x43C; [&#x438; &#x434;&#x440;.]; &#x41F;&#x443;&#x431;&#x43B;&#x438;&#x446;&#x438;&#x441;&#x442;&#x438;&#x43A;&#x430;; &#x41D;&#x435;&#x43A;&#x440;&#x43E;&#x43B;&#x43E;&#x433;&#x438;</subfield>
  </datafield>
  <datafield tag="686" ind1=" " ind2=" ">
    <subfield code="a">&#x428;5(2=&#x420;)53-6&#x44F;44</subfield>
    <subfield code="2">rubbk</subfield>
  </datafield>
  <datafield tag="686" ind1=" " ind2=" ">
    <subfield code="a">&#x428;5(2=&#x420;)53-65&#x44F;44</subfield>
    <subfield code="v">LBC/SL</subfield>
    <subfield code="2">rubbk</subfield>
  </datafield>
  <datafield tag="686" ind1=" " ind2=" ">
    <subfield code="a">&#x428;6(2=&#x420;)6-5</subfield>
  </datafield>
  <datafield tag="700" ind1=" " ind2="1">
    <subfield code="4">070</subfield>
    <subfield code="7">ca</subfield>
    <subfield code="8">rus</subfield>
    <subfield code="a">&#x411;&#x443;&#x43B;&#x44B;&#x433;&#x438;&#x43D;</subfield>
    <subfield code="b">&#x41F;. &#x41F;.</subfield>
    <subfield code="f">1896-1936</subfield>
    <subfield code="g">&#x41F;&#x430;&#x432;&#x435;&#x43B; &#x41F;&#x435;&#x442;&#x440;&#x43E;&#x432;&#x438;&#x447;</subfield>
    <subfield code="9">2641829</subfield>
    <subfield code="3">RU\NLR\AUTH\770272374</subfield>
  </datafield>
  <datafield tag="801" ind1=" " ind2="0">
    <subfield code="a">RU</subfield>
    <subfield code="b">&#x420;&#x413;&#x411;</subfield>
    <subfield code="c">20090619</subfield>
    <subfield code="g">rcr</subfield>
  </datafield>
  <datafield tag="801" ind1=" " ind2="1">
    <subfield code="a">RU</subfield>
    <subfield code="b">&#x420;&#x413;&#x411;</subfield>
    <subfield code="c">20090619</subfield>
  </datafield>
  <datafield tag="801" ind1=" " ind2="2">
    <subfield code="a">RU</subfield>
    <subfield code="b">&#x413;&#x41F;&#x418;&#x411; &#x420;&#x43E;&#x441;&#x441;&#x438;&#x438;</subfield>
    <subfield code="c">20090818</subfield>
    <subfield code="2">rusmarc</subfield>
  </datafield>
  <datafield tag="801" ind1=" " ind2="2">
    <subfield code="a">RU</subfield>
    <subfield code="b">NLR</subfield>
    <subfield code="c">20090909</subfield>
    <subfield code="g">rcr</subfield>
  </datafield>
  <datafield tag="942" ind1=" " ind2=" ">
    <subfield code="c">BOOK</subfield>
  </datafield>
  <datafield tag="980" ind1=" " ind2=" ">
    <subfield code="a">NB</subfield>
  </datafield>
  <datafield tag="995" ind1=" " ind2=" ">
    <subfield code="5">2009-09-09</subfield>
    <subfield code="a">ad</subfield>
    <subfield code="b">NLR01</subfield>
    <subfield code="c">NLR01</subfield>
    <subfield code="e">RF9</subfield>
    <subfield code="f">1-2243342</subfield>
    <subfield code="k">2009-3/28107</subfield>
    <subfield code="o">0</subfield>
    <subfield code="r">BOOK</subfield>
    <subfield code="s">2009328107_</subfield>
  </datafield>
  <datafield tag="995" ind1=" " ind2=" ">
    <subfield code="5">2009-09-09</subfield>
    <subfield code="a">ad</subfield>
    <subfield code="b">NLR01</subfield>
    <subfield code="c">NLR01</subfield>
    <subfield code="e">RF9</subfield>
    <subfield code="f">2989836</subfield>
    <subfield code="k">2009-3/28107</subfield>
    <subfield code="o">0</subfield>
    <subfield code="r">BOOK</subfield>
    <subfield code="s">2009328107_</subfield>
  </datafield>
</record>
